[Event "ENCI Limburg-open A"]
[Site "Maastricht"]
[Date "2008.05.11"]
[Round "5"]
[White "Hoynck van Papendrecht, Frans"]
[Black "Pel, Bonno"]
[Result "0-1"]
[WhiteElo "2104"]
[BlackElo "2288"]
[PlyCount "100"]
[EventDate "2008.05.09"]
[EventType "swiss"]
[EventRounds "7"]
[EventCountry "NED"]
[Source "P.Boonen"]
[SourceDate "2010.01.01"]

1. e4 d6 2. d4 g6 3. Nf3 Bg7 4. Nc3 a6 5. a4 b6 6. Bc4 e6 7. Bg5 Ne7 8. Qd2 h6
9. Be3 Nd7 10. O-O Bb7 11. d5 e5 12. Ne1 f5 13. exf5 Nxf5 14. g4 Nxe3 15. Qxe3
O-O 16. Ng2 Nf6 17. h3 Kh8 18. Nh4 Qe8 19. g5 Nh5 20. gxh6 Bf6 21. Ng2 g5 22.
Be2 Qg6 23. Bg4 Rae8 24. Qe4 Qxh6 25. Ne3 Nf4 26. Nf5 Qh7 27. Rad1 Bd8 28. Ne2
Bc8 29. Neg3 Nxh3+ 30. Kg2 Nf4+ 31. Kf3 Ng6 32. Ke2 Nh4 33. Rh1 Kg8 34. Nh6+
Qxh6 35. Bxc8 Rf4 36. Qe3 Qg6 37. Bxa6 Ng2 38. Qc3 Ref8 39. Rdf1 Rxa4 40. b4
Nf4+ 41. Kd2 Rxa6 42. Qc6 Ra2 43. Qc4 Ra3 44. Rh2 b5 45. Qxb5 Bf6 46. Rfh1 Bg7
47. Qd7 Ra2 48. Qxc7 Qd3+ 49. Kc1 Ra1+ 50. Kb2 Qa3# 0-1

[Event "ENCI Limburg-open A"]
[Site "Maastricht"]
[Date "2008.05.11"]
[Round "5"]
[White "Jacobsen, Mads Holger"]
[Black "Suhbat, Orgibold"]
[Result "0-1"]
[WhiteElo "1809"]
[BlackElo "2001"]
[PlyCount "96"]
[EventDate "2008.05.09"]
[EventType "swiss"]
[EventRounds "7"]
[EventCountry "NED"]
[Source "P.Boonen"]
[SourceDate "2010.01.01"]

1. d4 e6 2. c4 b6 3. Nc3 Bb7 4. e4 c5 5. d5 e5 6. Be2 d6 7. Nf3 Be7 8. O-O Nf6
9. Ne1 Nbd7 10. Nd3 a6 11. a4 O-O 12. f4 exf4 13. Bxf4 Qc7 14. Bf3 Ne8 15. Ne2
Ne5 16. Nxe5 dxe5 17. Be3 Nd6 18. Rc1 f5 19. exf5 Nxf5 20. Bd2 Bd6 21. Be4 Nd4
22. Ng3 Rxf1+ 23. Nxf1 b5 24. b3 Rf8 25. Bc3 Qf7 26. Bxd4 exd4 27. axb5 Qf2+
28. Kh1 Qh4 29. Bf3 axb5 30. cxb5 Qg5 31. Nd2 Bxd5 32. Bxd5+ Qxd5 33. Qe2 d3
34. Qe4 Qxe4 35. Nxe4 d2 36. Rd1 Bf4 37. g3 Be3 38. b6 Rb8 39. Nxd2 Rxb6 40.
Nc4 Rxb3 41. Nxe3 Rxe3 42. Rc1 Re5 43. Kg2 Kf7 44. Kf3 Ke6 45. Rd1 Rd5 46. Rb1
Kd6 47. Ke4 Rd4+ 48. Kf5 Ra4 0-1

[Event "ENCI Limburg-open A"]
[Site "Maastricht"]
[Date "2008.05.11"]
[Round "5"]
[White "Jellema, Yme Jan"]
[Black "Ringoir, Tanguy"]
[Result "0-1"]
[WhiteElo "2112"]
[BlackElo "2252"]
[PlyCount "76"]
[EventDate "2008.05.09"]
[EventType "swiss"]
[EventRounds "7"]
[EventCountry "NED"]
[Source "P.Boonen"]
[SourceDate "2010.01.01"]

1. e4 c5 2. c3 g6 3. d4 cxd4 4. cxd4 d5 5. e5 Nc6 6. Nc3 Bg7 7. Bb5 Nh6 8. Nge2
O-O 9. Nf4 Nxe5 10. Nfxd5 Nc6 11. Bg5 Nf5 12. O-O h6 13. Bf4 Nfxd4 14. Nc7 e5
15. Nxa8 exf4 16. Qa4 Bd7 17. Rad1 f3 18. g3 Qxa8 19. Rxd4 Bxd4 20. Bxc6 Bxf2+
21. Rxf2 Bxc6 22. Qf4 Qe8 23. Rf1 Qe7 24. Qxh6 Qc5+ 25. Rf2 Re8 26. Qc1 b5 27.
a3 a5 28. Na2 Qb6 29. b4 Re2 30. Qc5 Qxc5 31. bxc5 Re3 32. Rd2 Rxa3 33. Kf2 b4
34. Nc1 Rc3 35. Nd3 Be4 36. Ne5 Rxc5 37. Nd7 Rc6 38. Ra2 Rc2+ 0-1

[Event "ENCI Limburg-open A"]
[Site "Maastricht"]
[Date "2008.05.11"]
[Round "5"]
[White "Kalla, Christian"]
[Black "Edeling, Jeroen"]
[Result "0-1"]
[WhiteElo "1964"]
[BlackElo "2133"]
[PlyCount "66"]
[EventDate "2008.05.09"]
[EventType "swiss"]
[EventRounds "7"]
[EventCountry "NED"]
[Source "P.Boonen"]
[SourceDate "2010.01.01"]

1. e4 g6 2. d4 Bg7 3. Nc3 d6 4. Nf3 Nf6 5. Bb5+ c6 6. Be2 b5 7. a3 O-O 8. O-O
a6 9. Bg5 Bb7 10. e5 dxe5 11. Nxe5 Ne8 12. Be3 Nd6 13. f4 Nd7 14. Bf2 Qc7 15.
Bf3 Rad8 16. Qe2 c5 17. Nd5 Bxd5 18. Bxd5 e6 19. Bf3 Nf5 20. c3 cxd4 21. cxd4
Nxe5 22. dxe5 Nd4 23. Bxd4 Rxd4 24. g3 Rc8 25. Rad1 Rc4 26. Rd2 Bf8 27. Rfd1 b4
28. axb4 Bxb4 29. Rd7 Qb6+ 30. Kh1 Rc2 31. Rd8+ Kg7 32. Rxc8 Rxe2 33. Bxe2 Qb7+
0-1

[Event "ENCI Limburg-open A"]
[Site "Maastricht"]
[Date "2008.05.11"]
[Round "5"]
[White "Kamps, Sjaak"]
[Black "Schaeken, Yordi"]
[Result "1/2-1/2"]
[WhiteElo "2089"]
[BlackElo "1916"]
[PlyCount "66"]
[EventDate "2008.05.09"]
[EventType "swiss"]
[EventRounds "7"]
[EventCountry "NED"]
[Source "P.Boonen"]
[SourceDate "2010.01.01"]

1. e4 c5 2. Nc3 Nc6 3. f4 g6 4. Nf3 Bg7 5. Bb5 Nd4 6. O-O a6 7. Bd3 e6 8. Nxd4
cxd4 9. Ne2 d5 10. e5 Ne7 11. b3 Nc6 12. Ba3 Qa5 13. Bb2 Qb6 14. Qe1 O-O 15.
Qg3 Bd7 16. a4 f6 17. exf6 Bxf6 18. Ba3 Rf7 19. f5 exf5 20. Nf4 Nb4 21. Bxb4
Qxb4 22. Nxd5 Qxd2 23. Nb6 Re8 24. Nxd7 Rxd7 25. Bxf5 Be5 26. Qg4 Rd6 27. Bd3
h5 28. Qf3 Qe3+ 29. Kh1 Qxf3 30. Rxf3 Rf8 31. Bc4+ Kg7 32. Rxf8 Kxf8 33. Rf1+
Rf6 1/2-1/2

[Event "ENCI Limburg-open A"]
[Site "Maastricht"]
[Date "2008.05.11"]
[Round "5"]
[White "Klein, Gernot"]
[Black "Andriulevicius, Orestas"]
[Result "1-0"]
[WhiteElo "2024"]
[BlackElo "1903"]
[PlyCount "123"]
[EventDate "2008.05.09"]
[EventType "swiss"]
[EventRounds "7"]
[EventCountry "NED"]
[Source "P.Boonen"]
[SourceDate "2010.01.01"]

1. e4 c5 2. Nf3 Nc6 3. Nc3 d6 4. d4 cxd4 5. Nxd4 g6 6. Be3 Bg7 7. f3 Nf6 8. Bc4
O-O 9. Qd2 Bd7 10. Bb3 Rc8 11. O-O-O Ne5 12. h4 h5 13. Kb1 Nc4 14. Bxc4 Rxc4
15. Bg5 Nxe4 16. Nxe4 Rxd4 17. Qe3 Rxd1+ 18. Rxd1 Qa5 19. Bxe7 Qe5 20. Nf6+
Bxf6 21. Qxe5 Bxe5 22. Bxf8 Kxf8 23. Rd3 Ke7 24. Kc1 Bc6 25. b3 Kf6 26. g4 hxg4
27. fxg4 Be4 28. Rh3 Bg2 29. Rd3 Be4 30. Rh3 Ke6 31. h5 gxh5 32. gxh5 Bf4+ 33.
Kd1 Bh6 34. c4 Bf5 35. Rg3 Ke5 36. Rg8 a6 37. Rh8 Bg7 38. Rg8 Kf6 39. Ke1 b5
40. cxb5 axb5 41. a4 bxa4 42. bxa4 Bd3 43. a5 Bh6 44. Rg3 Be4 45. a6 Kf5 46. a7
Bf4 47. Rg8 Bg5 48. Ke2 Kf6 49. Re8 Bd5 50. Rd8 Ke7 51. Rh8 Bf6 52. a8=Q Bxa8
53. Rxa8 Bg7 54. Kf3 d5 55. Ra6 f6 56. Kg4 Bh6 57. Kf5 Bg5 58. Kg6 d4 59. h6 d3
60. h7 d2 61. Ra7+ Ke6 62. Ra1 1-0

[Event "ENCI Limburg-open A"]
[Site "Maastricht"]
[Date "2008.05.11"]
[Round "5"]
[White "Kodentsov, Grisja"]
[Black "Reinderman, Dimitri"]
[Result "0-1"]
[WhiteElo "2275"]
[BlackElo "2526"]
[PlyCount "90"]
[EventDate "2008.05.09"]
[EventType "swiss"]
[EventRounds "7"]
[EventCountry "NED"]
[Source "P.Boonen"]
[SourceDate "2010.01.01"]

1. e4 c5 2. Nf3 Nc6 3. d4 cxd4 4. Nxd4 Nf6 5. Nc3 e5 6. Ndb5 d6 7. Bg5 a6 8.
Na3 b5 9. Bxf6 gxf6 10. Nd5 f5 11. Bd3 Be6 12. O-O Bxd5 13. exd5 Ne7 14. c3 Bg7
15. Qh5 e4 16. Bc2 Qc8 17. Rae1 O-O 18. Kh1 Re8 19. Bb3 Ng6 20. f4 exf3 21.
Rxe8+ Qxe8 22. Qxf3 f4 23. Nc2 a5 24. a3 Ra7 25. Ba2 Re7 26. Bb1 Re5 27. Nd4
Re3 28. Qf2 Bxd4 29. cxd4 Re2 30. Qf3 Qe3 31. Bxg6 hxg6 32. h3 Rxb2 33. Qxf4
Qxf4 34. Rxf4 Rb3 35. Rf6 Rxa3 36. Rxd6 Kf8 37. Rb6 Rb3 38. d6 Ke8 39. Kg1 a4
40. Kf2 a3 41. Ra6 Kd7 42. Ke2 b4 43. Kd2 Rg3 44. h4 a2 45. Kc2 Ra3 0-1

[Event "ENCI Limburg-open A"]
[Site "Maastricht"]
[Date "2008.05.11"]
[Round "5"]
[White "Koehnke, Torben"]
[Black "Roufs, Gerard"]
[Result "0-1"]
[WhiteElo "2073"]
[BlackElo "1879"]
[PlyCount "80"]
[EventDate "2008.05.09"]
[EventType "swiss"]
[EventRounds "7"]
[EventCountry "NED"]
[Source "P.Boonen"]
[SourceDate "2010.01.01"]

1. e4 c5 2. Nf3 e6 3. d4 cxd4 4. Nxd4 Nc6 5. Nc3 Qc7 6. Be3 a6 7. Be2 Nf6 8.
O-O Bb4 9. f3 O-O 10. Nxc6 bxc6 11. Na4 Rb8 12. Bd3 d5 13. Qe2 Bd6 14. h3 Nh5
15. Qd2 Bh2+ 16. Kf2 dxe4 17. fxe4 f5 18. exf5 exf5 19. Ke1 Be5 20. g4 Ng3 21.
Rf3 Ne4 22. Bxe4 fxe4 23. Rxf8+ Kxf8 24. Bc5+ Kg8 25. Rd1 Be6 26. b3 Bg3+ 27.
Kf1 Qf7+ 28. Kg1 Re8 29. Qe3 Bf4 30. Qd4 h5 31. Nc3 hxg4 32. Nxe4 gxh3 33. Qf2
h2+ 34. Kh1 Bd5 35. Rxd5 Qxd5 36. Qxf4 Qxe4+ 37. Qxe4 Rxe4 38. Kxh2 Re2+ 39.
Kg1 Rxc2 40. b4 Rxa2 0-1

[Event "ENCI Limburg-open A"]
[Site "Maastricht"]
[Date "2008.05.11"]
[Round "5"]
[White "Koenig, Christian"]
[Black "Larmuseau, Michiel"]
[Result "1-0"]
[WhiteElo "2174"]
[BlackElo "1952"]
[PlyCount "127"]
[EventDate "2008.05.09"]
[EventType "swiss"]
[EventRounds "7"]
[EventCountry "NED"]
[Source "P.Boonen"]
[SourceDate "2010.01.01"]

1. e4 e5 2. Nf3 Nc6 3. Bb5 a6 4. Ba4 Nf6 5. O-O Be7 6. Re1 b5 7. Bb3 d6 8. c3
Na5 9. Bc2 c5 10. h3 O-O 11. d4 Qc7 12. Nbd2 Bd7 13. Nf1 Rac8 14. Ne3 Rfd8 15.
d5 g6 16. b3 Bf8 17. Nf1 Bg7 18. N3h2 Rf8 19. g4 c4 20. b4 Nb7 21. Qf3 h5 22.
Qg3 hxg4 23. hxg4 Nh7 24. Ne3 Qd8 25. Nf3 Bh6 26. Kg2 Bf4 27. Qh3 Ng5 28. Nxg5
Qxg5 29. Rh1 Kg7 30. Qh7+ Kf6 31. Qh4 Qxh4 32. Rxh4 Rh8 33. Rxh8 Rxh8 34. Nf1
Bxc1 35. Rxc1 Bxg4 36. Ne3 Bd7 37. Ra1 Ke7 38. a4 Kd8 39. axb5 axb5 40. Ra8+
Bc8 41. Bd1 Kc7 42. Bg4 Rd8 43. Rxc8+ Rxc8 44. Bxc8 Kxc8 45. Kg3 Kd7 46. Kh4 f6
47. Nc2 Kc7 48. Ne3 Kd7 49. Nc2 Kc7 50. Ne3 Kb6 51. f3 Kc7 52. Ng4 f5 53. Ne3
fxe4 54. fxe4 Kd7 55. Kg5 Ke7 56. Kxg6 Nd8 57. Nf5+ Kd7 58. Kf6 Nb7 59. Ne3 Nd8
60. Nc2 Nb7 61. Na3 Nd8 62. Nxb5 Nb7 63. Na3 Nd8 64. Nxc4 1-0

[Event "ENCI Limburg-open A"]
[Site "Maastricht"]
[Date "2008.05.11"]
[Round "5"]
[White "Konings, Frans"]
[Black "Schilperoort, Jeroen"]
[Result "1-0"]
[WhiteElo "2262"]
[BlackElo "1996"]
[PlyCount "107"]
[EventDate "2008.05.09"]
[EventType "swiss"]
[EventRounds "7"]
[EventCountry "NED"]
[Source "P.Boonen"]
[SourceDate "2010.01.01"]

1. d4 Nf6 2. Nf3 d6 3. Nc3 Nc6 4. e4 e5 5. h3 a6 6. Be3 exd4 7. Nxd4 Nxd4 8.
Bxd4 Be7 9. g3 c5 10. Be3 b5 11. Bg2 Bb7 12. O-O Qc7 13. Re1 b4 14. Nb1 O-O 15.
Nd2 Rfe8 16. f4 d5 17. e5 d4 18. Bf2 Nd5 19. Qg4 Bf8 20. Nc4 Rad8 21. f5 b3 22.
axb3 Nb4 23. Nd6 Bxg2 24. Nxe8 Rxe8 25. Kxg2 Nxc2 26. Qf3 Nxe1+ 27. Bxe1 Qxe5
28. Bf2 Qe2 29. Qc6 Qxb2 30. Rxa6 Re2 31. Qf3 Re3 32. Qf4 Qe2 33. Ra7 d3 34.
Qc4 Re7 35. Ra8 d2 36. Qxe2 Rxe2 37. Rd8 d1=Q 38. Rxd1 f6 39. Rc1 Kf7 40. Kf3
Re5 41. g4 g6 42. fxg6+ Kxg6 43. Ra1 Re6 44. Ra8 Be7 45. Ra7 Bf8 46. Rb7 f5 47.
Rb5 Rc6 48. Be3 Be7 49. gxf5+ Kf6 50. Ke4 c4 51. Bd4+ Kf7 52. Kd5 Rh6 53. bxc4
Rxh3 54. Rb7 1-0

[Event "ENCI Limburg-open A"]
[Site "Maastricht"]
[Date "2008.05.11"]
[Round "5"]
[White "Kotronias, Vasilios"]
[Black "Dambacher, Martijn"]
[Result "1-0"]
[WhiteElo "2611"]
[BlackElo "2470"]
[PlyCount "87"]
[EventDate "2008.05.09"]
[EventType "swiss"]
[EventRounds "7"]
[EventCountry "NED"]
[Source "P.Boonen"]
[SourceDate "2010.01.01"]

1. e4 e6 2. d4 d5 3. Nd2 dxe4 4. Nxe4 Nd7 5. Bd3 Ngf6 6. Qe2 c5 7. Nf3 cxd4 8.
O-O Nxe4 9. Bxe4 Nf6 10. Rd1 Nxe4 11. Qxe4 Be7 12. Rxd4 Qb6 13. b3 O-O 14. Be3
Bc5 15. Ng5 f5 16. Qe5 Qc6 17. Nxh7 Bxd4 18. Bxd4 Rf7 19. Ng5 Rd7 20. Qe3 e5
21. Qxe5 Qg6 22. h4 b6 23. Re1 Bb7 24. c3 Rf8 25. Qf4 Bd5 26. Re5 Qd6 27. Qe3
Qg6 28. Qd3 Bb7 29. f3 Bd5 30. Qb5 Qc6 31. Qe2 Qg6 32. Qd3 Bb7 33. Ne6 Rf6 34.
Nf4 Qf7 35. Qe3 Kf8 36. h5 Rdd6 37. Ng6+ Rxg6 38. hxg6 Rxg6 39. Qf4 Bc8 40. Qh4
Qd7 41. a4 Rh6 42. Qg5 Qc7 43. Rd5 Qh2+ 44. Kf2 1-0

[Event "ENCI Limburg-open A"]
[Site "Maastricht"]
[Date "2008.05.11"]
[Round "5"]
[White "Kruijf, Caspar"]
[Black "Grandadam, Nicolas"]
[Result "0-1"]
[WhiteElo "1925"]
[BlackElo "2059"]
[PlyCount "150"]
[EventDate "2008.05.09"]
[EventType "swiss"]
[EventRounds "7"]
[EventCountry "NED"]
[Source "P.Boonen"]
[SourceDate "2010.01.01"]

1. e4 c5 2. Nc3 e6 3. Nf3 a6 4. d4 cxd4 5. Nxd4 Qc7 6. g3 Bb4 7. Bd2 Nf6 8. Bg2
O-O 9. O-O Be7 10. Qe2 d6 11. Be3 Nc6 12. Nxc6 bxc6 13. f4 Bb7 14. h3 d5 15. g4
c5 16. exd5 exd5 17. g5 d4 18. gxf6 Bxf6 19. Ne4 dxe3 20. Nxf6+ gxf6 21. Bxb7
Qxb7 22. Qxe3 Kh8 23. Kh2 Rae8 24. Qf2 Qxb2 25. Rfe1 Qd4 26. Qxd4 cxd4 27. Rad1
Rxe1 28. Rxe1 Rb8 29. Rd1 Rb2 30. Rxd4 Rxc2+ 31. Kg3 Rxa2 32. Kg4 Kg7 33. h4
Ra5 34. Rd6 h5+ 35. Kf3 Kg6 36. Rd7 Ra3+ 37. Ke4 f5+ 38. Kd4 Rf3 39. Rd6+ f6
40. Rxa6 Rxf4+ 41. Ke3 Rxh4 42. Ra8 f4+ 43. Kf3 Kg5 44. Rg8+ Kf5 45. Rh8 Rh3+
46. Kg2 Rg3+ 47. Kf2 Kg6 48. Rg8+ Kh7 49. Rd8 Ra3 50. Rd4 f3 51. Rd7+ Kg6 52.
Rd8 Kg5 53. Rh8 Kf4 54. Rh7 Ra2+ 55. Kf1 h4 56. Rh8 h3 57. Rxh3 Ke3 58. Kg1
Rg2+ 59. Kf1 Rf2+ 60. Kg1 Rg2+ 61. Kf1 Rb2 62. Kg1 Rb1+ 63. Kh2 Kf2 64. Rh7 Rb4
65. Kh1 Rg4 66. Rh8 Re4 67. Kh2 Ke1 68. Ra8 f2 69. Ra1+ Ke2 70. Ra2+ Kf3 71.
Ra3+ Re3 72. Ra1 Re1 73. Ra3+ Kf4 74. Ra4+ Kg5 75. Ra5+ f5 0-1

[Event "ENCI Limburg-open A"]
[Site "Maastricht"]
[Date "2008.05.11"]
[Round "5"]
[White "Lammens, Tim"]
[Black "Gijsen, Stief"]
[Result "1-0"]
[WhiteElo "2294"]
[BlackElo "2079"]
[PlyCount "91"]
[EventDate "2008.05.09"]
[EventType "swiss"]
[EventRounds "7"]
[EventCountry "NED"]
[Source "P.Boonen"]
[SourceDate "2010.01.01"]

1. c4 e5 2. g3 Nc6 3. Bg2 g6 4. Nc3 Bg7 5. Rb1 a5 6. a3 Nf6 7. b4 axb4 8. axb4
O-O 9. b5 Nd4 10. e3 Ne6 11. Nge2 Re8 12. O-O Nc5 13. d4 exd4 14. exd4 Nce4 15.
Nxe4 Nxe4 16. Qd3 d5 17. cxd5 Bf5 18. Rb2 Nxf2 19. Qf3 Nd3 20. Rd2 Qd7 21. g4
Be4 22. Qg3 Nxc1 23. Rxc1 Qxd5 24. Bxe4 Rxe4 25. Nc3 Qc4 26. Nxe4 Qxc1+ 27. Kg2
Ra1 28. Qf4 Qg1+ 29. Kh3 Ra3+ 30. Ng3 Qc1 31. Qf2 Rc3 32. Re2 Qg5 33. Re8+ Bf8
34. Qe1 Rf3 35. Qb4 Qh6+ 36. Kg2 Rd3 37. g5 Rxg3+ 38. hxg3 Qg7 39. Qe7 h6 40.
b6 c6 41. Qf6 Qh7 42. Rb8 hxg5 43. Rxb7 g4 44. Qh4 Qg7 45. Qxg4 c5 46. Rd7 1-0

[Event "ENCI Limburg-open A"]
[Site "Maastricht"]
[Date "2008.05.11"]
[Round "5"]
[White "Larmuseau, Maarten"]
[Black "Van Kooten, Luuk"]
[Result "0-1"]
[WhiteElo "2058"]
[BlackElo "2250"]
[PlyCount "100"]
[EventDate "2008.05.09"]
[EventType "swiss"]
[EventRounds "7"]
[EventCountry "NED"]
[Source "P.Boonen"]
[SourceDate "2010.01.01"]

1. e4 c5 2. Nc3 Nc6 3. Bb5 Qc7 4. Nd5 Qb8 5. Bxc6 bxc6 6. Ne3 e6 7. d3 d5 8.
Ne2 Bd6 9. c4 Nf6 10. Qc2 O-O 11. g3 d4 12. Nd1 e5 13. h3 Ne8 14. g4 g6 15. Bh6
Ng7 16. Rg1 f6 17. b3 Rf7 18. Ng3 Qc7 19. Bxg7 Rxg7 20. Nb2 Qa5+ 21. Qd2 Qd8
22. O-O-O Rb8 23. Ne2 Bc7 24. Na4 Ba5 25. Qb2 Qd6 26. Kc2 Be6 27. Qc1 Rf8 28.
f4 exf4 29. Qxf4 Qe7 30. Rdf1 Bc7 31. Qd2 Bd7 32. Rf3 Rff7 33. Rgf1 f5 34. exf5
gxf5 35. gxf5 Rg2 36. Kd1 Ba5 37. Qb2 Qe5 38. f6 Be6 39. a3 Rb7 40. Rf4 Rxb3
41. Qxb3 Qxe2+ 42. Kc1 Bd2+ 43. Kb1 Bxf4 44. Rh1 Bd6 45. Ka1 Bf5 46. Nb2 Qc2
47. Qb7 Qc3 48. Rd1 Qxa3+ 49. Kb1 Rxb2+ 50. Qxb2 Bxd3+ 0-1

[Event "ENCI Limburg-open A"]
[Site "Maastricht"]
[Date "2008.05.11"]
[Round "5"]
[White "Lemmen, Raoul"]
[Black "Roggeveen, Pieter"]
[Result "0-1"]
[WhiteElo "1877"]
[BlackElo "2099"]
[PlyCount "58"]
[EventDate "2008.05.09"]
[EventType "swiss"]
[EventRounds "7"]
[EventCountry "NED"]
[Source "P.Boonen"]
[SourceDate "2010.01.01"]

1. d4 d5 2. c4 e6 3. Nf3 Nf6 4. Nc3 c6 5. Bg5 Nbd7 6. e3 Qa5 7. Nd2 Bb4 8. Qc2
c5 9. dxc5 Qxc5 10. Be2 Bxc3 11. bxc3 dxc4 12. Bf4 Nb6 13. O-O O-O 14. Bf3 Nbd5
15. Bg3 Rd8 16. Rad1 Bd7 17. e4 Nb6 18. e5 Ba4 19. Qc1 Bxd1 20. Rxd1 Nfd5 21.
Ne4 Qe7 22. Qc2 f5 23. exf6 gxf6 24. Bh4 Rf8 25. Rd4 e5 26. Rd1 Rad8 27. Ng3
Nf4 28. Rxd8 Qxd8 29. Qf5 Qd3 0-1

[Event "ENCI Limburg-open A"]
[Site "Maastricht"]
[Date "2008.05.11"]
[Round "5"]
[White "Lenhardt, Manfred"]
[Black "Hazenberg, Frans"]
[Result "1-0"]
[WhiteElo "2156"]
[BlackElo "1986"]
[PlyCount "85"]
[EventDate "2008.05.09"]
[EventType "swiss"]
[EventRounds "7"]
[EventCountry "NED"]
[Source "P.Boonen"]
[SourceDate "2010.01.01"]

1. d4 Nf6 2. Nc3 d5 3. Bg5 e6 4. e4 dxe4 5. Nxe4 Be7 6. Bxf6 Bxf6 7. Nf3 O-O 8.
Qd2 b6 9. O-O-O Bb7 10. Qf4 Nd7 11. Bd3 Rc8 12. h4 c5 13. Nd6 Bxf3 14. Qxf3
cxd4 15. Nxc8 Qxc8 16. Qe4 g6 17. h5 Nc5 18. Qf4 Nxd3+ 19. Rxd3 Qd8 20. Qg4 Qd5
21. Qf3 Qxf3 22. Rxf3 Bg5+ 23. Kd1 e5 24. hxg6 hxg6 25. Rfh3 Bf6 26. Ra3 Ra8
27. Ra6 Be7 28. Re1 Bd6 29. c3 dxc3 30. bxc3 f6 31. Kc2 Kf7 32. Rh1 Ke6 33. Rh7
Be7 34. f3 f5 35. a4 Rd8 36. Rxa7 Bg5 37. Ra6 Be3 38. a5 Rd6 39. axb6 Bxb6 40.
Rb7 Be3 41. Rxd6+ Kxd6 42. Kd3 Bc1 43. Rb6+ 1-0

[Event "ENCI Limburg-open A"]
[Site "Maastricht"]
[Date "2008.05.11"]
[Round "5"]
[White "Lukman, Ronny"]
[Black "Holscher, Peter"]
[Result "1-0"]
[WhiteElo "2228"]
[BlackElo "2072"]
[PlyCount "75"]
[EventDate "2008.05.09"]
[EventType "swiss"]
[EventRounds "7"]
[EventCountry "NED"]
[Source "P.Boonen"]
[SourceDate "2010.01.01"]

1. c4 Nf6 2. Nf3 e6 3. b3 d5 4. Bb2 Be7 5. e3 O-O 6. Be2 Nbd7 7. O-O c6 8. d4
Ne4 9. Nc3 f5 10. Qc2 Ndf6 11. Rad1 Bd7 12. Ne5 Bd6 13. f3 Nxc3 14. Bxc3 Qe7
15. Bd3 g6 16. Qe2 Bxe5 17. dxe5 Nh5 18. g4 fxg4 19. fxg4 Ng7 20. Rf6 Ne8 21.
g5 Nxf6 22. gxf6 Qf7 23. Bb4 Rfe8 24. Rf1 Rac8 25. Bd6 c5 26. Qg4 dxc4 27. bxc4
Rc6 28. Qg5 Ra6 29. Rf2 Ra3 30. Rd2 Rc8 31. Be4 b6 32. Bb7 Re8 33. Be7 Ba4 34.
Bg2 Rc3 35. h4 Rc1+ 36. Kh2 Rxc4 37. h5 h6 38. Qxg6+ 1-0

[Event "ENCI Limburg-open A"]
[Site "Maastricht"]
[Date "2008.05.11"]
[Round "5"]
[White "Luther, Thomas"]
[Black "Floor, Dirk"]
[Result "1-0"]
[WhiteElo "2539"]
[BlackElo "2221"]
[PlyCount "61"]
[EventDate "2008.05.09"]
[EventType "swiss"]
[EventRounds "7"]
[EventCountry "NED"]
[Source "P.Boonen"]
[SourceDate "2010.01.01"]

1. e4 e6 2. d4 d5 3. Nd2 Nf6 4. e5 Nfd7 5. Bd3 c5 6. c3 Nc6 7. Ne2 cxd4 8. cxd4
f6 9. exf6 Nxf6 10. Nf3 Bd6 11. O-O Qc7 12. Bg5 O-O 13. Bh4 Nh5 14. Bg3 Nxg3
15. hxg3 a6 16. Rc1 g6 17. Bc2 Qg7 18. Ba4 Ne7 19. Qd2 b5 20. Bb3 Qf6 21. Nf4
Bxf4 22. Qxf4 Qxf4 23. gxf4 Rxf4 24. Rc7 Nf5 25. Rfc1 Nd6 26. Ne5 Nc4 27. Bxc4
dxc4 28. b3 Rxd4 29. bxc4 Re4 30. Rd1 Bb7 31. Nd7 1-0

[Event "ENCI Limburg-open A"]
[Site "Maastricht"]
[Date "2008.05.11"]
[Round "5"]
[White "Maassen van den Brink, Koen"]
[Black "Snoeck, Rene"]
[Result "1/2-1/2"]
[WhiteElo "1818"]
[BlackElo "1942"]
[PlyCount "43"]
[EventDate "2008.05.09"]
[EventType "swiss"]
[EventRounds "7"]
[EventCountry "NED"]
[Source "P.Boonen"]
[SourceDate "2010.01.01"]

1. e4 c6 2. d4 d5 3. Nc3 dxe4 4. Nxe4 Nf6 5. Nxf6+ exf6 6. Bc4 Be6 7. Bxe6 fxe6
8. Nf3 Bd6 9. O-O O-O 10. b3 Nd7 11. Bb2 Qc7 12. Re1 Rfe8 13. c4 Rad8 14. Qc2
c5 15. Rad1 a6 16. Re2 Nf8 17. g3 Re7 18. Red2 Red7 19. Qe4 cxd4 20. Nxd4 Be5
21. f4 Bxd4+ 22. Rxd4 1/2-1/2

[Event "ENCI Limburg-open A"]
[Site "Maastricht"]
[Date "2008.05.11"]
[Round "5"]
[White "Memarian, Milad"]
[Black "Van der Veen, Terry"]
[Result "1-0"]
[WhiteElo "1939"]
[BlackElo "2169"]
[PlyCount "89"]
[EventDate "2008.05.09"]
[EventType "swiss"]
[EventRounds "7"]
[EventCountry "NED"]
[Source "P.Boonen"]
[SourceDate "2010.01.01"]

1. d4 Nf6 2. c4 g6 3. f3 Bg7 4. e4 d6 5. Be3 O-O 6. Qd2 c5 7. d5 e6 8. Nc3 exd5
9. cxd5 Re8 10. h4 h5 11. Nh3 Nbd7 12. Nf2 Ne5 13. Be2 a6 14. O-O-O b5 15. Rdg1
b4 16. Ncd1 Bd7 17. Bg5 Qa5 18. Kb1 Bb5 19. g4 Bxe2 20. Qxe2 hxg4 21. fxg4 Qb5
22. Qe3 Nc4 23. Qf3 Nh7 24. Bf4 a5 25. g5 Ne5 26. Qh3 Qe2 27. h5 Qxh5 28. Qf1
Qf3 29. Bxe5 Rxe5 30. Rh3 Qf4 31. Rg4 Qd2 32. Rd3 Qxg5 33. Rxg5 Rxg5 34. Ne3
Kf8 35. Nc4 Ke7 36. Nh3 Rh5 37. Qf4 Rd8 38. Nxa5 Rd7 39. Rf3 f6 40. Nc6+ Kf7
41. Qg4 Nf8 42. Ng5+ Kg8 43. Ne6 Rh1+ 44. Kc2 Rh2+ 45. Kd1 1-0

[Event "ENCI Limburg-open A"]
[Site "Maastricht"]
[Date "2008.05.11"]
[Round "5"]
[White "Memeti, Kastriot"]
[Black "Obels, Jiri"]
[Result "1-0"]
[WhiteElo "2173"]
[BlackElo "2024"]
[PlyCount "77"]
[EventDate "2008.05.09"]
[EventType "swiss"]
[EventRounds "7"]
[EventCountry "NED"]
[Source "P.Boonen"]
[SourceDate "2010.01.01"]

1. d4 Nf6 2. Nf3 g6 3. Bf4 Bg7 4. e3 d6 5. h3 Nfd7 6. Be2 e5 7. Bh2 Nc6 8. O-O
O-O 9. a4 Re8 10. c3 e4 11. Nfd2 Nf6 12. b4 h5 13. b5 Ne7 14. c4 Nf5 15. Nc3
Bh6 16. Re1 Ng7 17. a5 a6 18. bxa6 Rxa6 19. c5 dxc5 20. Bxa6 bxa6 21. dxc5 Bf5
22. Nb3 Qc8 23. Qe2 g5 24. Nd4 g4 25. h4 Nd7 26. Nd5 Nxc5 27. Nf6+ Kf8 28. Nxe8
Nxe8 29. Rec1 Nd3 30. Rc6 Bg7 31. Qc2 Bd7 32. Rc4 c5 33. Rb1 Qd8 34. Rxc5 Nxc5
35. Qxc5+ Kg8 36. Qxh5 Nf6 37. Qg5 Kh7 38. Nf5 Bf8 39. Be5 1-0

[Event "ENCI Limburg-open A"]
[Site "Maastricht"]
[Date "2008.05.11"]
[Round "5"]
[White "Miesen, Fabian"]
[Black "Oosterman, Maarten Jan"]
[Result "1-0"]
[WhiteElo "2165"]
[BlackElo "2013"]
[PlyCount "59"]
[EventDate "2008.05.09"]
[EventType "swiss"]
[EventRounds "7"]
[EventCountry "NED"]
[Source "P.Boonen"]
[SourceDate "2010.01.01"]

1. e4 c6 2. Nc3 d5 3. Qf3 dxe4 4. Nxe4 Nd7 5. d4 Ngf6 6. Bd3 Nxe4 7. Qxe4 Nf6
8. Qh4 e6 9. Nf3 Be7 10. O-O b6 11. Ne5 Bb7 12. c3 a6 13. Re1 c5 14. dxc5 Bxc5
15. Bg5 Be7 16. Rad1 Nd5 17. Bxe7 Qxe7 18. Qg3 Kf8 19. Be4 g6 20. c4 Nf6 21.
Nd7+ Nxd7 22. Bxb7 Rd8 23. Bxa6 Kg7 24. Qc7 Qb4 25. Rf1 Ra8 26. Rxd7 Rxa6 27.
Rxf7+ Kh6 28. Qf4+ Kh5 29. Qf3+ Kg5 30. Qf6+ 1-0